Imprensa escrita e telejornal /

-д хадгалсан:
Номзүйн дэлгэрэнгүй
Үндсэн зохиолч: Zanchetta, Juvenal, hijo (autor)
Формат: Ном
Хэл сонгох:португал
Хэвлэсэн: São Paulo, Brasil : Universidade Estadual Paulista Júlio de Mesquita Filho, 2007, c2004
Цуврал:(Paradidácticos. Série Linguagens e Representações)
Нөхцлүүд:
Шошгууд: Шошго нэмэх
Шошго байхгүй, Энэхүү баримтыг шошголох эхний хүн болох!

MARC

LEADER 00000nam^a2200000^a^4500
001 000307858
005 20250620000000.0
009 20260310112900.095
020 |a 85-7139-555-1 
037 |a Acervo ITESO - Biblioteca 
041 |a POR 
082 |a 302. 2310981  |b ZAN 
100 |a Zanchetta, Juvenal,  |c hijo  |e (autor) 
245 1 0 |a Imprensa escrita e telejornal /  |c J. Zanchetta, hijo. 
264 4 |a São Paulo, Brasil :  |b Universidade Estadual Paulista Júlio de Mesquita Filho,  |c 2007, c2004 
300 |a 121 p. 
336 |a texto  |b txt  |2 rdacontenido 
337 |a sin mediación  |b n  |2 rdamedio 
338 |a volumen  |b nc  |2 rdasoporte 
440 1 |a (Paradidácticos.  |p Série Linguagens e Representações) 
649 |a XX 
650 |a Fotoperiodismo -  |z Brasil 
650 |a Noticieros -  |z Brasil 
650 |a Periodismo Televisivo -  |z Brasil 
650 |a Periodismo -  |z Brasil -  |x Tema Principal 
650 |a Televisión -  |z Brasil 
650 |a Medios de Comunicación -  |z Brasil 
650 |a Comunicación Masiva -  |z Brasil 
650 |a Sociología de la Comunicación 
910 |a Fondo General 
920 |a Impresos - Libros 
930 |a Colección General 
905 |a 101 
901 |a 0500194079  |b IT1  |c ACC  |d DT  |i D54719  |u 20250620 
902 |a https://opac.biblio.iteso.mx/vufind/Record/000307858